• 首页
  • 本馆介绍
  • 公告通知
  • 最新文献
  • 馆藏检索
  • 电子资源
  • 读者导购
  • 参考咨询
  • 我的图书馆
  • 登录
  • 详细信息显示
  • 放入我的书架
  • 预约/预借图书
  • 作者相关作品
  • 分类相关作品
  • 丛书相关作品
  • 出版社相关作品

书目信息

  • 表格格式
  • 工作单格式
  • 卡片格式
题名:
勃拉姆斯匈牙利舞曲
    
 
作者: 勃拉姆斯 曲
分册: 第1,3,10  
出版信息: 台北   光华出版社  
页数: 24页
开本: 8
丛书名:
单 册:
中图分类: J655
科图分类:
主题词: 音乐--各国--作品 , 外国音乐--作品
电子资源:
ISBN:
000 00572nam0 2200205 45
001 0312221749
005 20051104101716.60
010    @dCNY0.40
100    @a20031222d km y0chiy0120 ea
101    @achi
102    @aCN@b710000
200 1  @a勃拉姆斯匈牙利舞曲@Abo la mu si xiong ya li wu qu@h第1,3,10@f勃拉姆斯曲@Fbo la mu si qu
210    @a台北@c光华出版社
215    @a24页@d8
606 0  @a音乐@y各国@x作品
606 0  @a外国音乐@x作品
690    @aJ655@v3
701  0 @a勃拉姆斯@Abo la mu si@4曲
801    @aCN@bTSTCL@c20051104
905    @a213230@dJ655@e86:(1.3.10)
    
    勃拉姆斯匈牙利舞曲.第1,3,10/勃拉姆斯曲.-台北:光华出版社
    24页;8
    
    
    ISBN :CNY0.40
    
●
相关链接 在E读中查询图书 在五车中查询图书 在当当中查询图书 在豆瓣中查询图书


正题名:勃拉姆斯匈牙利舞曲     索取号:J655/86:(1.3.10)         预约/预借

序号 登录号 条形码 馆藏地/架位号 状态 备注
1 0074381   202136376   密集书库/ [索取号:J655/86:(1.3.10)] 在馆    
2 0074382   202136330   密集书库/ [索取号:J655/86:(1.3.10)] 在馆    
3 0074383   202136296   密集书库/ [索取号:J655/86:(1.3.10)] 在馆    
4 0074384   202136250   密集书库/ [索取号:J655/86:(1.3.10)] 在馆    
5 0074385   202136214   密集书库/ [索取号:J655/86:(1.3.10)] 在馆    
唐山师范学院图书馆 欢迎您!
大连网信软件有限公司© 版权所有